[Event "Plovdiv Radulski Memorial 3rd"]
[Site "Plovdiv"]
[Date "2017.10.29"]
[Round "5"]
[White "Mitev, Miroslav"]
[Black "Mollov, Plamen"]
[Result "0-1"]
[WhiteElo "1945"]
[BlackElo "1917"]
[PlyCount "118"]
[EventDate "2017.10.29"]
[EventType "swiss (rapid)"]
[EventRounds "9"]
[EventCountry "BUL"]
[SourceTitle "CBM 181 Extra"]
[Source "ChessBase"]
[SourceDate "2017.12.12"]
[SourceVersion "1"]
[SourceVersionDate "2017.12.12"]
[SourceQuality "1"]

1. b4 e5 2. Bb2 d6 3. e3 Nf6 4. c4 Be7 5. Be2 a5 6. b5 0-0 7. Nf3 b6 8. 0-0 Bb7 9. d4 exd4 10. Qxd4 Nbd7 11. Nc3 Re8 12. Rfd1 Bf8 13. Nd5 Rc8 14. Bd3 Bxd5 15. cxd5 Nc5 16. Bf5 Rb8 17. Qh4 h6 18. Nd4 Nfe4 19. Qg4 Qg5 20. Nc6 Qxg4 21. Bxg4 Ra8 22. Bd4 g6 23. f3 f5 24. Bh3 Ng5 25. Kf2 Bg7 26. Bxg7 Kxg7 27. Rd4 Kf6 28. Rad1 Nxh3+ 29. gxh3 Nd7 30. R4d2 Nc5 31. Rd4 Rg8 32. h4 Rae8 33. Re1 g5 34. hxg5+ hxg5 35. Rg1 Rh8 36. Rg2 Rh5 37. Rd2 Reh8 38. Kg1 Rh3 39. Nd4 Re8 40. Kf2 Reh8 41. Kg1 Re8 42. Rde2 Re5 43. e4 fxe4 44. fxe4 Rxe4 45. Rgf2+ Kg6 46. Rd2 Nd3 47. Rxd3 Rxd3 48. Ne6 Rg4+ 49. Kf1 Rxd5 50. Nxc7 Rd1+ 51. Ke2 Rc1 52. Nd5 Rc2+ 53. Ke3 Rxf2 54. Kxf2 Rd4 55. Nxb6 Rd2+ 56. Ke3 Rxa2 57. Nc8 Rxh2 58. Nxd6 Rb2 59. Kd3 Rxb5 0-1